| 000 | 00847nam a2200217Ii 4500 | ||
|---|---|---|---|
| 003 | JO-AjNU | ||
| 008 | 230605s9999||||xx |||||||||||||| ||und|| | ||
| 017 | _a1984/429 | ||
| 040 |
_aJO-AjNU _bara _erda _cJO-AjNU |
||
| 041 | _aara | ||
| 050 | 1 | 4 | _aHT609.M87 1984 |
| 100 | 3 |
_aمراد، علي عباس, _eauthor _957229 |
|
| 245 | 0 | 0 | _aالطبقات والصراع الطبقي في الايديولوجية العربية الثورية |
| 264 | 3 | 1 | _aبغداد: دار الشؤون الثقافية والنشر، 1984 |
| 300 |
_a270ص _bيحتوي على ببلوغرافية من ص 252-270ص |
||
| 336 |
_atext _btxt _2rdacontent |
||
| 337 |
_aunmediated _bn _2rdamedia |
||
| 338 |
_avolume _bnc _2rdacarrier |
||
| 490 | 0 | _aسلسلة دراسات 353 | |
| 650 | 4 |
_aالطبقات الاجتماعية - الصراع الطبقي _957230 |
|
| 999 |
_aA25632 _c29200 _d29200 |
||